| 000 | 00444nam a2200181Ia 4500 | ||
|---|---|---|---|
| 001 | 14057 | ||
| 005 | 20260306164846.0 | ||
| 008 | 260306t2001||||xx |||||||||||||| ||spa|| | ||
| 041 | _aESP | ||
| 082 |
_a006.3 _bN57 |
||
| 100 |
_aNilsson, Nils J. _eAUT |
||
| 245 | 0 |
_aInteligencia artificial: _buna nueva síntesis |
|
| 260 | _c2001 | ||
| 300 |
_axix, 458 páginas : _c25 cm. |
||
| 650 | _aGEN | ||
| 654 | _aCCC | ||
| 942 |
_cLIB _dJUS _fJUS _2ddc _n |
||
| 999 |
_c14057 _d14057 |
||